000 00605cam a22002173a 4500
001 36355
003 PGUSA
005 20140828083803.0
008 110608s2011||||xxu|||||s|||||000 | eng d
040 _aPGUSA
_beng
042 _adc
100 1 _aJohnson, Owen,
_d1878-1952
245 1 4 _aThe Salamander
_h[electronic resource] /
_cOwen Johnson
260 _bProject Gutenberg,
_c2011
506 _aPublic domain in the USA.
516 _aElectronic text
700 1 _aShinn, Everett,
_d1876-1953
830 0 _aProject Gutenberg
_v36355
856 4 0 _uhttp://www.gutenberg.org/ebooks/36355
942 _cEB
999 _c265610
_d265610